000 00497nam a2200205Ia 4500
008 210210b2010 xxu||||| |||| 00| 0 eng d
020 _a9788123918518
041 _aeng
082 _a530.44 CHAT
100 _aCHANDRA (Suresh)
245 _aTextbook of plasma physics
260 _aNew Delhi
_bCBS Publishers and Distributors
_c2010
300 _axii,276
650 _aTextbook
650 _aplasma
650 _aphysics
650 _aof
690 _aPlasma Physics
906 _a065386
999 _c142521
_d142521